Cisco IP Telephony / D. Lovell ; pról. de Scott Veibell.

Na minha lista:
Detalhes bibliográficos
Autor principal: Lovell, David (autor)
Formato: Livro
Idioma:inglês
Publicado em: Indianápolis, EUA : Cisco, 2002, c2002
coleção:(Certification and Training Series)
Assuntos:
Tags: Adicionar Tag
Sem tags, seja o primeiro a adicionar uma tag!

MARC

LEADER 00000nam^a2200000^a^4500
001 000158777
005 20250521000000.0
009 20260310100624.312
020 |a 1-58705-050-1 
037 |a Acervo ITESO - Biblioteca 
041 |a ING 
082 |a 621. 382171  |b LOV 
100 |a Lovell, David  |e (autor) 
245 1 0 |a Cisco IP Telephony /  |b D. Lovell ; pról. de Scott Veibell. 
264 4 |a Indianápolis, EUA :  |b Cisco,  |c 2002, c2002 
300 |a XXV, 600 p. 
336 |a texto  |b txt  |2 rdacontenido 
337 |a sin mediación  |b n  |2 rdamedio 
338 |a volumen  |b nc  |2 rdasoporte 
440 1 |a (Certification and Training Series) 
649 |a XX 
650 |a Transmisión de Voz 
650 |a Procesamiento de Señales 
650 |a Señales y Transmisión de Señales 
650 |a Proceso de Comunicación 
650 |a Protocolos de Comunicación 
650 |a Teléfono 
650 |a Redes de Comunicación 
650 |a Redes de Computadoras 
650 |a Sistemas de Telecomunicación 
650 |a Telecomunicaciones 
650 |a Comunicaciones y Tránsito 
650 |a Ingeniería Computacional 
650 |a Ingeniería Electrónica 
650 |a Redes de Computadoras 
650 |a Sistemas de Telecomunicación 
650 |a Comunicación en Red 
650 |a Telecomunicaciones 
650 |a Comunicaciones y Tránsito 
650 |a Ingeniería Computacional 
910 |a Fondo General 
920 |a Impresos - Libros 
930 |a Colección General 
905 |a 101 
901 |a 0500090442  |b IT1  |c ACC  |u 20250521 
902 |a https://opac.biblio.iteso.mx/vufind/Record/000158777